• AIU
  • Tony Wilmot Memorial Library

Essai sur la contribution du Sénégal à la littérature d'expression arabe / (Record no. 37171)

MARC details
000 -LEADER
fixed length control field 00955nam a22002531a 4500
001 - CONTROL NUMBER
control field 1360441
005 - DATE AND TIME OF LATEST TRANSACTION
control field 20110718132420.0
008 - FIXED-LENGTH DATA ELEMENTS--GENERAL INFORMATION
fixed length control field 810323s1972 fr c b 001 0 fre
010 ## - LIBRARY OF CONGRESS CONTROL NUMBER
LC control number 80143564
035 ## - SYSTEM CONTROL NUMBER
-- (DLC) 80143564
040 ## - CATALOGING SOURCE
Original cataloging agency DLC
Transcribing agency DLC
Modifying agency DLC
043 ## - GEOGRAPHIC AREA CODE
Geographic area code f-sg---
050 00 - LIBRARY OF CONGRESS CALL NUMBER
Classification number PJ 8390.S4S36 1972
Item number PJ 8390.S4S36 1972
082 00 - DEWEY DECIMAL CLASSIFICATION NUMBER
Classification number 892/.7/099663
Edition number 19
100 1# - MAIN ENTRY--PERSONAL NAME
Personal name Samb, Amar.
245 10 - TITLE STATEMENT
Title Essai sur la contribution du Sénégal à la littérature d'expression arabe /
Statement of responsibility, etc Amar Samb.
Medium [Text]
260 ## - PUBLICATION, DISTRIBUTION, ETC. (IMPRINT)
Place of publication, distribution, etc [Lille, France]
Name of publisher, distributor, etc Service de reproduction des thèses, Université de Lille III
Date of publication, distribution, etc 1972
300 ## - PHYSICAL DESCRIPTION
Extent 2 v. (1073 p.) :
Other physical details ports ;
Dimensions 24 cm.
502 ## - DISSERTATION NOTE
Dissertation note Thesis--Université de Paris IV, 1971.
504 ## - BIBLIOGRAPHY, ETC. NOTE
Bibliography, etc Includes bibliographical references and index.
650 #0 - SUBJECT ADDED ENTRY--TOPICAL TERM
Topical term or geographic name as entry element Arabic literature
Geographic subdivision Senegal
General subdivision History and criticism.
906 ## - LOCAL DATA ELEMENT F, LDF (RLIN)
a 7
b cbc
c orignew
d 3
e ncip
f 19
g y-gencatlg
991 ## -
-- c-GenColl
-- PJ8390.S4
-- S2 1972
-- Copy 1
-- BOOKS
Holdings
Withdrawn status Lost status Source of classification or shelving scheme Damaged status Not for loan Collection code Home library Current library Shelving location Date acquired Source of acquisition Cost, normal purchase price Total Checkouts Full call number Barcode Date last seen Copy number Price effective from Koha item type
    Library of Congress Classification     General Circulation AIU/NEGST - Tony Wilmot Memorial Library AIU/NEGST - Tony Wilmot Memorial Library General Stacks 01/20/2010 Donation - Dr. David Maranz 30.00   PJ 8390.S4S36 1972 R35880L3232 09/26/2019 1 01/20/2010 Books